[Event "GX Alekhine Open da Primavera"]
[Site "Lisboa, Portugal"]
[Date "????.??.??"]
[Round "6.3"]
[White "Rodrigues, Miguel Tiago Melfe"]
[Black "Reis, Luis Simoes dos"]
[Result "0-1"]
[WhiteElo "1602"]
[BlackElo "1782"]
[PlyCount "116"]

{[%evp 0,116,26,26,36,32,33,23,59,48,39,31,15,22,21,21,53,31,40,38,29,28,28,27,46,19,9,13,9,-9,-16,-5,-11,-11,-18,-3,-14,-36,-29,-19,-6,-15,-32,-34,-30,-48,-49,-43,-61,-66,-58,-60,-65,-96,-21,-275,-276,-307,-289,-353,-336,-343,-314,-313,-222,-220,-215,-225,-233,-252,-264,-277,-244,-242,-263,-260,-223,-256,-223,-253,-235,-402,-408,-414,-352,-369,-368,-374,-374,-372,-370,-388,-424,-470,-381,-424,-424,-428,-445,-436,-436,-441,-462,-447,-464,-1183,-519,-574,-463,-1124,-465,-547,-453,-572,-584,-637,-636,-29999,-30000]} 1. e4 {[%emt 0:08:20]} e6 {[%emt 0:00:21]} 2. d4 {[%emt 0:01:04]} d5 {[%emt 0:00:37]} 3. Nc3 {[%emt 0:01:07]} Nf6 {[%emt 0:00:10]} 4. e5 {[%emt 0:00:15]} Nfd7 {[%emt 0:00:07]} 5. f4 {[%emt 0:00:10]} c5 {[%emt 0:00:07]} 6. Nf3 {[%emt 0:00:23]} Nc6 {[%emt 0:00:08]} 7. Be3 {[%emt 0:00:13]} a6 {[%emt 0:00:18]} 8. Qd2 {[%emt 0:00:12]} cxd4 {[%emt 0:00:12]} 9. Nxd4 {[%emt 0:00:29]} Bc5 {[%emt 0:00:17]} 10. Be2 {[%emt 0:07:09]} Nxd4 {[%emt 0:00:58]} 11. Bxd4 {[%emt 0:00:20]} b5 {[%emt 0:00:37]} 12. a3 {[%emt 0:04:02]} O-O {[%emt 0:04:05]} 13. O-O {[%emt 0:01:55]} Qb6 {[%emt 0:07:01]} 14. Bxc5 {[%emt 0:00:42]} Qxc5+ {[%emt 0:01:24]} 15. Kh1 {[%emt 0:00:44]} Bb7 {[%emt 0:05:39]} 16. Rad1 {[%emt 0:02:38]} Nb6 {[%emt 0:01:07]} 17. Qd4 {[%emt 0:07:30]} Rac8 {[%emt 0:03:24]} 18. Qxc5 {[%emt 0:08:02]} Rxc5 {[%emt 0:00:15]} 19. Rd4 {[%emt 0:00:52]} f6 {[%emt 0:15:46]} 20. Kg1 {[%emt 0:02:32]} fxe5 {[%emt 0:02:23]} 21. fxe5 {[%emt 0:00:14]} Rxf1+ {[%emt 0:00:19]} 22. Kxf1 {[%emt 0:00:23]} Bc8 {[%emt 0:10:31]} 23. Rh4 {[%emt 0:08:52]} Nd7 {[%emt 0:05:47]} 24. a4 {[%emt 0:03:40]} bxa4 {[%emt 0:07:00]} 25. Rxa4 {[%emt 0:00:34]} Rc6 {[%emt 0:02:52]} 26. Bf3 {[%emt 0:02:20]} Rc4 {[%emt 0:06:34]} 27. Bxd5 {[%emt 0:16:59]} exd5 {[%emt 0:00:25]} 28. e6 {[%emt 0:00:11]} Nf6 {[%emt 0:01:45]} 29. Ra5 {[%emt 0:02:32]} Kf8 {[%emt 0:03:13]} 30. Nxd5 {[%emt 0:03:02]} Nxd5 {[%emt 0:00:18]} 31. Rxd5 {[%emt 0:00:10]} Ke7 {[%emt 0:00:11]} 32. c3 {[%emt 0:00:57]} Bxe6 {[%emt 0:01:50]} 33. Ra5 {[%emt 0:01:07]} Rc6 {[%emt 0:03:48]} 34. Re5 {[%emt 0:01:39]} Kf6 {[%emt 0:00:29]} 35. Re3 {[%emt 0:00:25]} Bc4+ {[%emt 0:02:15]} 36. Kf2 {[%emt 0:00:39]} a5 {[%emt 0:00:55]} 37. Re4 {[%emt 0:00:49]} Bb5 {[%emt 0:01:37]} 38. Rd4 {[%emt 0:02:08]} Ke5 {[%emt 0:05:05]} 39. h3 {[%emt 0:01:11]} Rd6 {[%emt 0:02:22]} 40. Rh4 {[%emt 0:01:51]} Rd2+ {[%emt 0:00:39]} 41. Ke3 {[%emt 0:00:42]} Rxb2 {[%emt 0:00:45]} 42. c4 {[%emt 0:00:29]} Bc6 {[%emt 0:04:23]} 43. Rh5+ {[%emt 0:00:33]} Kd6 {[%emt 0:00:15]} 44. Rxa5 {[%emt 0:00:10]} Rxg2 {[%emt 0:00:12]} 45. Rh5 {[%emt 0:01:21]} h6 {[%emt 0:00:23]} 46. Kd4 {[%emt 0:02:06]} Rd2+ {[%emt 0:00:58]} 47. Ke3 {[%emt 0:00:20]} Rd1 {[%emt 0:00:24]} 48. Ra5 {[%emt 0:03:26]} Re1+ {[%emt 0:00:46]} 49. Kf2 {[%emt 0:00:28]} Rc1 {[%emt 0:01:15]} 50. Rf5 {[%emt 0:02:42]} Rxc4 {[%emt 0:01:18]} 51. Rf7 {[%emt 0:00:23]} Rc2+ {[%emt 0:00:14]} 52. Kg3 {[%emt 0:00:20]} Ke6 {[%emt 0:00:24]} 53. Ra7 {[%emt 0:00:50]} Kf6 {[%emt 0:00:50]} 54. Ra6 {[%emt 0:00:24]} Rc5 {[%emt 0:01:12]} 55. Ra1 {[%emt 0:01:11]} Kg5 {[%emt 0:00:23]} 56. Re1 {[%emt 0:01:30]} Rc3+ {[%emt 0:00:11]} 57. Kh2 {[%emt 0:00:16]} Rc2+ {[%emt 0:00:23]} 58. Kg3 {[%emt 0:00:30]} Rg2# {[%emt 0:00:21]} 0-1

[Event "GX Alekhine Open da Primavera"]
[Site "Lisboa, Portugal"]
[Date "????.??.??"]
[Round "6.2"]
[White "Azinheira, Andre Torres"]
[Black "Silva, Reinaldo Joao David Batista Da"]
[Result "1-0"]
[WhiteElo "1767"]
[BlackElo "1781"]
[PlyCount "93"]

1. e4 {[%emt 0:03:41]} c5 {[%emt 0:00:07]} 2. Nc3 {[%emt 0:00:07]} Nc6 {[%emt 0:00:44]} 3. Bb5 {[%emt 0:00:27]} g6 {[%emt 0:00:21]} 4. Bxc6 {[%emt 0:00:11]} bxc6 {[%emt 0:00:15]} 5. d3 {[%emt 0:00:16]} Bg7 {[%emt 0:00:26]} 6. f4 {[%emt 0:00:08]} d5 {[%emt 0:03:34]} 7. e5 {[%emt 0:01:41]} Nh6 {[%emt 0:00:16]} 8. Nf3 {[%emt 0:00:09]} Bg4 {[%emt 0:02:47]} 9. O-O {[%emt 0:00:13]} Rb8 {[%emt 0:03:51]} 10. b3 {[%emt 0:00:43]} f6 {[%emt 0:06:07]} 11. Qe1 {[%emt 0:00:25]} Bxf3 {[%emt 0:02:08]} 12. Rxf3 {[%emt 0:00:12]} O-O {[%emt 0:00:30]} 13. Ba3 {[%emt 0:17:27]} fxe5 {[%emt 0:04:39]} 14. Bxc5 {[%emt 0:00:28]} Rxf4 {[%emt 0:06:52]} 15. Rxf4 {[%emt 0:02:00]} exf4 {[%emt 0:00:55]} 16. Qe6+ {[%emt 0:01:44]} Kh8 {[%emt 0:02:17]} 17. d4 {[%emt 0:00:15]} Nf5 {[%emt 0:04:11]} 18. Ne2 {[%emt 0:03:37]} f3 {[%emt 0:05:24]} 19. gxf3 {[%emt 0:00:10]} Qc7 {[%emt 0:01:44]} 20. c3 {[%emt 0:00:51]} Rf8 {[%emt 0:03:16]} 21. Rf1 {[%emt 0:01:33]} a6 {[%emt 0:10:02]} 22. f4 {[%emt 0:00:46]} Qa5 {[%emt 0:04:06]} 23. a4 {[%emt 0:06:00]} Qc7 {[%emt 0:03:59]} 24. Ng3 {[%emt 0:08:24]} Rf6 {[%emt 0:10:08]} 25. Qe2 {[%emt 0:09:39]} Nd6 {[%emt 0:01:51]} 26. Qxa6 {[%emt 0:08:00]} h5 {[%emt 0:00:19]} 27. Bxd6 {[%emt 0:04:21]} Qxd6 {[%emt 0:00:08]} 28. f5 {[%emt 0:01:35]} h4 {[%emt 0:01:31]} 29. Ne2 {[%emt 0:01:19]} gxf5 {[%emt 0:05:19]} 30. Qd3 {[%emt 0:01:37]} e6 {[%emt 0:08:44]} 31. b4 {[%emt 0:02:03]} e5 {[%emt 0:01:11]} 32. dxe5 {[%emt 0:06:01]} Qxe5 {[%emt 0:02:10]} 33. Nd4 {[%emt 0:00:24]} f4 {[%emt 0:00:52]} 34. Qf3 {[%emt 0:05:15]} Kg8 {[%emt 0:02:58]} 35. a5 {[%emt 0:01:41]} Qc7 {[%emt 0:01:22]} 36. Qh5 {[%emt 0:04:19]} h3 {[%emt 0:00:31]} 37. Qxh3 {[%emt 0:00:47]} Rg6+ {[%emt 0:00:39]} 38. Kh1 {[%emt 0:01:55]} Rh6 {[%emt 0:00:54]} 39. Qf3 {[%emt 0:00:31]} Be5 {[%emt 0:00:24]} 40. Qg4+ {[%emt 0:04:01]} Kh8 {[%emt 0:00:55]} 41. Rg1 {[%emt 0:02:30]} Rxh2+ {[%emt 0:01:22]} 42. Kxh2 {[%emt 0:00:15]} Qh7+ {[%emt 0:00:09]} 43. Qh3 {[%emt 0:00:51]} f3+ {[%emt 0:01:03]} 44. Rg3 {[%emt 0:00:08]} f2 {[%emt 0:00:32]} 45. Qxh7+ {[%emt 0:00:29]} Kxh7 {[%emt 0:00:03]} 46. Kg2 {[%emt 0:00:07]} Bxg3 {[%emt 0:00:36]} 47. a6 1-0

[Event "GX Alekhine Open da Primavera"]
[Site "Lisboa, Portugal"]
[Date "????.??.??"]
[Round "6.1"]
[White "Curado, Manuel Joao Ferro"]
[Black "Sousa, Joao Alexandre Dinis De"]
[Result "1/2-1/2"]
[WhiteElo "1728"]
[BlackElo "2267"]
[PlyCount "72"]

1. e4 {[%emt 0:00:05]} c5 {[%emt 0:00:24]} 2. Nf3 {[%emt 0:00:10]} Nc6 {[%emt 0:00:08]} 3. b4 {[%emt 0:00:33]} cxb4 {[%emt 0:01:40]} 4. d4 {[%emt 0:00:12]} g6 {[%emt 0:02:19]} 5. Bb2 {[%emt 0:01:52]} Bg7 {[%emt 0:00:23]} 6. Be2 {[%emt 0:03:42]} d6 {[%emt 0:04:19]} 7. h3 {[%emt 0:03:18]} e6 {[%emt 0:00:43]} 8. O-O {[%emt 0:01:42]} Nge7 {[%emt 0:00:13]} 9. a3 {[%emt 0:04:42]} bxa3 {[%emt 0:02:08]} 10. Rxa3 {[%emt 0:03:37]} O-O {[%emt 0:00:22]} 11. Nbd2 {[%emt 0:04:48]} b6 {[%emt 0:09:49]} 12. Qa1 {[%emt 0:06:50]} d5 {[%emt 0:05:24]} 13. c4 {[%emt 0:03:26]} dxc4 {[%emt 0:06:52]} 14. Nxc4 {[%emt 0:01:58]} Bb7 {[%emt 0:03:49]} 15. Rb3 {[%emt 0:05:47]} Qc7 {[%emt 0:15:31]} 16. Rd1 {[%emt 0:03:35]} Rfd8 {[%emt 0:00:24]} 17. Ne3 {[%emt 0:07:50]} Na5 {[%emt 0:03:28]} 18. Rc3 {[%emt 0:07:42]} Qd7 {[%emt 0:02:15]} 19. Qb1 {[%emt 0:01:50]} Rac8 {[%emt 0:00:59]} 20. Rxc8 {[%emt 0:01:05]} Rxc8 {[%emt 0:00:30]} 21. d5 {[%emt 0:03:34]} exd5 {[%emt 0:03:19]} 22. Bxg7 {[%emt 0:01:39]} Kxg7 {[%emt 0:00:03]} 23. Qb2+ {[%emt 0:02:05]} f6 {[%emt 0:00:40]} 24. Ng4 {[%emt 0:10:38]} Ng8 {[%emt 0:00:38]} 25. Bb5 {[%emt 0:03:08]} Qd6 {[%emt 0:02:01]} 26. e5 {[%emt 0:04:40]} fxe5 {[%emt 0:13:09]} 27. Nfxe5 {[%emt 0:02:52]} Nf6 {[%emt 0:01:32]} 28. Nd7 {[%emt 0:01:01]} Rf8 {[%emt 0:01:10]} 29. Nxf8 {[%emt 0:00:53]} Qxf8 {[%emt 0:00:07]} 30. Rc1 {[%emt 0:01:28]} g5 {[%emt 0:07:41]} 31. Rc7+ Kg6 {[%emt 0:00:15]} 32. Qxf6+ {[%emt 0:01:45]} Qxf6 {[%emt 0:00:24]} 33. Nxf6 {[%emt 0:00:05]} Kxf6 {[%emt 0:00:27]} 34. Rxh7 {[%emt 0:00:21]} Ke5 {[%emt 0:02:30]} 35. Kf1 {[%emt 0:00:40]} a6 {[%emt 0:01:03]} 36. Bd3 {[%emt 0:00:11]} b5 {[%emt 0:00:54]} 1/2-1/2

[Event "GX Alekhine Open da Primavera"]
[Site "Lisboa, Portugal"]
[Date "????.??.??"]
[Round "7.4"]
[White "Silva, Reinaldo Joao David Batista Da"]
[Black "Goncalves, Carlos Manuel Marqu"]
[Result "1-0"]
[WhiteElo "1781"]
[BlackElo "1469"]
[PlyCount "127"]

1. d4 {[%emt 0:01:04]} d5 {[%emt 0:01:02]} 2. c4 {[%emt 0:00:07]} c6 {[%emt 0:00:18]} 3. Nf3 {[%emt 0:00:22]} Nf6 {[%emt 0:00:50]} 4. g3 {[%emt 0:00:35]} g6 {[%emt 0:00:22]} 5. Bg2 {[%emt 0:00:15]} Bg7 {[%emt 0:00:09]} 6. O-O {[%emt 0:00:16]} O-O {[%emt 0:00:11]} 7. b3 {[%emt 0:00:13]} Bf5 {[%emt 0:04:42]} 8. Re1 {[%emt 0:05:09]} Re8 {[%emt 0:00:24]} 9. Bb2 {[%emt 0:07:06]} Qc8 {[%emt 0:03:27]} 10. Nc3 {[%emt 0:01:01]} Bh3 {[%emt 0:00:25]} 11. Rc1 {[%emt 0:00:20]} Bxg2 {[%emt 0:00:20]} 12. Kxg2 {[%emt 0:00:08]} Qd8 {[%emt 0:06:22]} 13. Qc2 {[%emt 0:04:21]} e6 {[%emt 0:07:12]} 14. e4 {[%emt 0:02:44]} dxe4 {[%emt 0:02:52]} 15. Nxe4 {[%emt 0:00:10]} Nxe4 {[%emt 0:01:50]} 16. Rxe4 {[%emt 0:04:40]} Nd7 {[%emt 0:01:11]} 17. Rd1 {[%emt 0:05:30]} Qc7 {[%emt 0:02:18]} 18. Rde1 {[%emt 0:07:03]} Rac8 {[%emt 0:02:49]} 19. h3 {[%emt 0:08:24]} b5 {[%emt 0:06:40]} 20. Qe2 {[%emt 0:02:20]} a6 {[%emt 0:06:32]} 21. Bc1 {[%emt 0:10:24]} Nf6 {[%emt 0:01:22]} 22. Rh4 {[%emt 0:06:33]} Nh5 {[%emt 0:08:02]} 23. Re4 {[%emt 0:07:27]} Nf6 {[%emt 0:01:07]} 24. Re3 {[%emt 0:02:42]} h5 {[%emt 0:04:39]} 25. Bb2 {[%emt 0:02:18]} Qa5 {[%emt 0:04:08]} 26. Ne5 {[%emt 0:01:07]} Qc7 {[%emt 0:03:13]} 27. f4 {[%emt 0:01:46]} c5 {[%emt 0:02:42]} 28. Rc1 {[%emt 0:02:09]} cxd4 {[%emt 0:01:08]} 29. Bxd4 {[%emt 0:00:42]} h4 {[%emt 0:06:59]} 30. gxh4 {[%emt 0:05:31]} Nd5 {[%emt 0:03:01]} 31. Rf3 {[%emt 0:00:13]} Qb7 {[%emt 0:00:24]} 32. Kh2 {[%emt 0:03:21]} Ne7 33. Rg1 {[%emt 0:01:28]} Nf5 {[%emt 0:00:05]} 34. Bf2 {[%emt 0:00:09]} Bf6 {[%emt 0:03:17]} 35. h5 {[%emt 0:00:51]} g5 {[%emt 0:01:38]} 36. h4 {[%emt 0:00:17]} Kh7 37. hxg5 {[%emt 0:03:51]} Bxe5 38. g6+ fxg6 39. hxg6+ Kg8 40. fxe5 {[%emt 0:06:55]} Kg7 {[%emt 0:02:40]} 41. Rh3 {[%emt 0:00:20]} Rh8 {[%emt 0:03:33]} 42. Rh7+ {[%emt 0:00:01]} Rxh7+ {[%emt 0:00:23]} 43. gxh7+ {[%emt 0:00:02]} Kh8 44. Rg5 {[%emt 0:02:51]} Qxh7+ 45. Rh5 {[%emt 0:01:10]} Nh6 46. Be3 {[%emt 0:00:50]} Qe4 47. Rxh6+ Kg8 {[%emt 0:01:36]} 48. Qg2+ {[%emt 0:00:08]} Qxg2+ {[%emt 0:00:38]} 49. Kxg2 {[%emt 0:00:02]} bxc4 {[%emt 0:00:12]} 50. b4 {[%emt 0:00:20]} Rc6 {[%emt 0:00:22]} 51. Kf2 {[%emt 0:00:58]} c3 {[%emt 0:00:31]} 52. Rh1 {[%emt 0:00:17]} c2 {[%emt 0:00:54]} 53. Bc5 {[%emt 0:00:02]} a5 {[%emt 0:00:26]} 54. a3 {[%emt 0:00:01]} axb4 {[%emt 0:00:08]} 55. axb4 {[%emt 0:00:02]} Ra6 {[%emt 0:00:14]} 56. Rc1 {[%emt 0:00:08]} Ra2 {[%emt 0:00:21]} 57. Ke2 {[%emt 0:00:02]} Kf7 {[%emt 0:01:40]} 58. Kd2 {[%emt 0:00:01]} Ke8 {[%emt 0:00:04]} 59. Rxc2 {[%emt 0:00:09]} Ra3 {[%emt 0:00:29]} 60. Rc3 {[%emt 0:00:01]} Ra2+ {[%emt 0:00:21]} 61. Kd3 {[%emt 0:00:02]} Ra1 {[%emt 0:00:09]} 62. Kc4 {[%emt 0:00:05]} Kd7 {[%emt 0:00:20]} 63. Rh3 {[%emt 0:00:08]} Rd1 {[%emt 0:01:01]} 64. Rd3+ {[%emt 0:00:13]} 1-0

[Event "GX Alekhine Open da Primavera"]
[Site "Lisboa, Portugal"]
[Date "????.??.??"]
[Round "7.2"]
[White "Reis, Luis Simoes dos"]
[Black "Azinheira, Andre Torres"]
[Result "0-1"]
[WhiteElo "1782"]
[BlackElo "1767"]
[PlyCount "120"]

1. d4 {[%emt 0:00:03]} e6 {[%emt 0:01:26]} 2. Nf3 {[%emt 0:01:39]} f5 {[%emt 0:00:21]} 3. Bf4 {[%emt 0:00:56]} Nf6 {[%emt 0:00:18]} 4. e3 {[%emt 0:00:11]} b6 {[%emt 0:00:17]} 5. Nbd2 {[%emt 0:00:56]} Bb7 {[%emt 0:00:09]} 6. c3 {[%emt 0:04:02]} h6 {[%emt 0:07:41]} 7. h3 {[%emt 0:01:41]} d6 {[%emt 0:00:09]} 8. Qc2 {[%emt 0:07:32]} g5 {[%emt 0:03:15]} 9. Bh2 {[%emt 0:03:57]} Qe7 {[%emt 0:02:09]} 10. Bd3 {[%emt 0:06:02]} Nbd7 {[%emt 0:09:52]} 11. O-O-O {[%emt 0:14:24]} O-O-O {[%emt 0:04:48]} 12. e4 {[%emt 0:07:37]} e5 {[%emt 0:15:11]} 13. dxe5 {[%emt 0:11:10]} dxe5 {[%emt 0:00:42]} 14. Rhe1 {[%emt 0:00:39]} f4 {[%emt 0:00:21]} 15. b4 {[%emt 0:02:13]} Kb8 {[%emt 0:05:16]} 16. Nc4 {[%emt 0:02:08]} c5 {[%emt 0:09:53]} 17. b5 {[%emt 0:01:16]} Bg7 {[%emt 0:05:30]} 18. Nfd2 {[%emt 0:05:26]} h5 {[%emt 0:01:34]} 19. f3 {[%emt 0:05:51]} g4 {[%emt 0:01:33]} 20. Be2 {[%emt 0:01:35]} Nf8 {[%emt 0:05:32]} 21. g3 {[%emt 0:02:32]} Ng6 {[%emt 0:06:02]} 22. h4 {[%emt 0:02:04]} fxg3 {[%emt 0:01:28]} 23. Bxg3 {[%emt 0:00:11]} Bh6 {[%emt 0:00:30]} 24. Kb2 {[%emt 0:05:32]} Bf4 {[%emt 0:02:11]} 25. Bxf4 {[%emt 0:01:28]} Nxf4 {[%emt 0:01:03]} 26. Ne3 {[%emt 0:02:06]} gxf3 {[%emt 0:03:48]} 27. Nxf3 {[%emt 0:00:26]} Bxe4 {[%emt 0:00:28]} 28. Nf5 {[%emt 0:04:56]} Qh7 {[%emt 0:07:01]} 29. Ng5 {[%emt 0:00:59]} Qxf5 {[%emt 0:00:30]} 30. Nxe4 {[%emt 0:01:26]} Qxe4 {[%emt 0:01:51]} 31. Rxd8+ {[%emt 0:01:03]} Rxd8 {[%emt 0:00:13]} 32. Qxe4 {[%emt 0:00:24]} Nxe4 {[%emt 0:00:11]} 33. Bf1 {[%emt 0:00:25]} Ng3 {[%emt 0:00:53]} 34. Rxe5 {[%emt 0:00:29]} Nxf1 {[%emt 0:00:29]} 35. Rf5 {[%emt 0:00:10]} Nd3+ {[%emt 0:00:26]} 36. Kb3 {[%emt 0:00:12]} Ng3 {[%emt 0:01:09]} 37. Rg5 {[%emt 0:00:10]} Nc1+ {[%emt 0:00:55]} 38. Kc2 {[%emt 0:00:52]} Nce2 {[%emt 0:00:05]} 39. a4 {[%emt 0:00:26]} a6 {[%emt 0:00:55]} 40. Rg6 {[%emt 0:01:36]} Kc7 {[%emt 0:01:26]} 41. bxa6 {[%emt 0:00:50]} Ra8 {[%emt 0:00:17]} 42. Rg7+ {[%emt 0:00:25]} Kc6 {[%emt 0:00:11]} 43. Rg6+ {[%emt 0:00:15]} Kc7 {[%emt 0:00:41]} 44. Rg7+ {[%emt 0:00:10]} Kc6 {[%emt 0:00:49]} 45. Rg6+ {[%emt 0:00:21]} Kd5 {[%emt 0:00:14]} 46. Rxb6 {[%emt 0:00:08]} Nf5 {[%emt 0:00:26]} 47. Kb3 {[%emt 0:01:58]} Nd6 {[%emt 0:00:25]} 48. c4+ {[%emt 0:01:31]} Nxc4 {[%emt 0:00:16]} 49. Rh6 {[%emt 0:00:08]} Nf4 {[%emt 0:00:23]} 50. Rf6 {[%emt 0:00:14]} Ne6 {[%emt 0:00:42]} 51. Rf5+ {[%emt 0:00:25]} Ne5 {[%emt 0:00:19]} 52. Rxh5 {[%emt 0:00:12]} Rxa6 {[%emt 0:00:13]} 53. Rh8 {[%emt 0:01:07]} Nd4+ {[%emt 0:00:25]} 54. Kc3 {[%emt 0:00:35]} Rxa4 {[%emt 0:00:45]} 55. Rd8+ Ke4 {[%emt 0:00:29]} 56. h5 {[%emt 0:00:33]} Ra3+ {[%emt 0:00:10]} 57. Kb2 {[%emt 0:00:24]} Rh3 {[%emt 0:00:08]} 58. Rh8 {[%emt 0:01:05]} Nc4+ {[%emt 0:00:52]} 59. Ka2 {[%emt 0:00:11]} Rh2+ {[%emt 0:00:14]} 60. Kb1 {[%emt 0:00:15]} Kd3 {[%emt 0:00:20]} 0-1

[Event "GX Alekhine Open da Primavera"]
[Site "Lisboa, Portugal"]
[Date "????.??.??"]
[Round "7.3"]
[White "Morais, Vitor Mestre"]
[Black "Lucio, Jorge Manuel Rodrigues"]
[Result "1-0"]
[WhiteElo "1758"]
[BlackElo "1705"]
[PlyCount "95"]

1. Nf3 Nf6 {[%emt 0:00:11]} 2. g3 {[%emt 0:00:08]} g6 {[%emt 0:00:32]} 3. Bg2 {[%emt 0:00:09]} Bg7 {[%emt 0:00:44]} 4. O-O {[%emt 0:00:11]} O-O {[%emt 0:00:29]} 5. c4 {[%emt 0:00:07]} d6 {[%emt 0:04:13]} 6. d4 {[%emt 0:00:09]} Nbd7 {[%emt 0:02:28]} 7. Nc3 {[%emt 0:00:37]} Re8 {[%emt 0:06:00]} 8. h3 {[%emt 0:00:26]} e5 {[%emt 0:02:32]} 9. Be3 {[%emt 0:00:41]} c6 {[%emt 0:17:07]} 10. dxe5 {[%emt 0:01:22]} dxe5 {[%emt 0:00:36]} 11. Qd2 {[%emt 0:02:23]} Qc7 {[%emt 0:02:23]} 12. Rac1 {[%emt 0:00:15]} Nb6 {[%emt 0:07:14]} 13. b3 {[%emt 0:00:41]} Bf5 {[%emt 0:04:27]} 14. Bh6 {[%emt 0:01:25]} Rad8 {[%emt 0:05:17]} 15. Qe3 {[%emt 0:01:48]} Nc8 {[%emt 0:05:25]} 16. Bxg7 {[%emt 0:00:14]} Kxg7 {[%emt 0:00:04]} 17. Rfd1 {[%emt 0:04:43]} a6 {[%emt 0:01:09]} 18. Rxd8 {[%emt 0:01:39]} Qxd8 {[%emt 0:01:00]} 19. Rd1 {[%emt 0:00:13]} Qe7 {[%emt 0:02:22]} 20. Nh2 {[%emt 0:01:43]} h5 {[%emt 0:12:44]} 21. Rd2 {[%emt 0:00:58]} Nd6 {[%emt 0:02:00]} 22. Qc5 {[%emt 0:01:45]} Nde4 {[%emt 0:01:54]} 23. Nxe4 {[%emt 0:00:54]} Nxe4 {[%emt 0:00:13]} 24. Qxe7 {[%emt 0:00:11]} Rxe7 {[%emt 0:00:08]} 25. Bxe4 {[%emt 0:00:20]} Bxe4 {[%emt 0:00:07]} 26. h4 {[%emt 0:00:39]} c5 {[%emt 0:02:15]} 27. Nf1 {[%emt 0:00:10]} Kf6 {[%emt 0:01:16]} 28. Ne3 {[%emt 0:00:06]} Ke6 {[%emt 0:03:11]} 29. f3 {[%emt 0:00:11]} Bc6 {[%emt 0:01:03]} 30. Kf2 {[%emt 0:00:42]} f5 {[%emt 0:00:30]} 31. Nd5 {[%emt 0:01:06]} Rd7 {[%emt 0:03:14]} 32. e4 {[%emt 0:00:09]} fxe4 {[%emt 0:00:48]} 33. fxe4 {[%emt 0:00:09]} Rf7+ {[%emt 0:02:02]} 34. Kg2 {[%emt 0:00:25]} Rg7 {[%emt 0:01:26]} 35. Rf2 {[%emt 0:02:34]} Rf7 {[%emt 0:00:42]} 36. Rxf7 {[%emt 0:00:49]} Kxf7 {[%emt 0:00:02]} 37. Kf3 {[%emt 0:00:13]} Ke6 {[%emt 0:00:17]} 38. g4 {[%emt 0:00:10]} hxg4+ {[%emt 0:00:39]} 39. Kxg4 {[%emt 0:00:08]} b5 {[%emt 0:00:15]} 40. Kg5 {[%emt 0:00:15]} Kf7 {[%emt 0:00:15]} 41. h5 {[%emt 0:03:00]} gxh5 {[%emt 0:01:04]} 42. Kxh5 {[%emt 0:03:04]} bxc4 {[%emt 0:02:49]} 43. bxc4 {[%emt 0:00:11]} a5 {[%emt 0:01:00]} 44. Kg5 {[%emt 0:00:07]} Ke6 {[%emt 0:00:15]} 45. Kg4 {[%emt 0:00:31]} Kd6 {[%emt 0:00:41]} 46. Kf3 {[%emt 0:01:13]} Ba4 {[%emt 0:00:46]} 47. Ke3 {[%emt 0:00:18]} Bc2 {[%emt 0:00:52]} 48. Nc3 {[%emt 0:04:00]} 1-0